| Tag |
First Indicator |
Second Indicator |
Subfields |
| LEADER |
00000cam a2200000 a 4500 |
| 001 |
in00005735321 |
| 005 |
20260326155720.5 |
| 006 |
m o d |
| 007 |
cr cnu---unuuu |
| 008 |
081205s1976 nyua ob 001 0 eng d |
| 040 |
|
|
|a N$T
|b eng
|e pn
|c N$T
|d OCLCQ
|d IDEBK
|d E7B
|d OCLCQ
|d OPELS
|d OCLCQ
|d OCLCF
|d YDXCP
|d OCLCQ
|d DEBSZ
|d UAB
|d OTZ
|d LEAUB
|d VLY
|d OCLCO
|d OCLCQ
|d OCLCO
|d OCLCL
|d OCLCQ
|d OCLCL
|d SMC
|d OCLCQ
|d COA
|
| 019 |
|
|
|a 646757215
|a 1162041732
|a 1340114254
|a 1397439945
|a 1515211568
|
| 020 |
|
|
|a 9780080863047
|q (electronic bk.)
|
| 020 |
|
|
|a 0080863043
|q (electronic bk.)
|
| 020 |
|
|
|a 0125400160
|q (electronic bk.)
|
| 020 |
|
|
|a 9780125400169
|q (electronic bk.)
|
| 020 |
|
|
|a 1281714798
|
| 020 |
|
|
|a 9781281714794
|
| 020 |
|
|
|a 9786611714796
|
| 020 |
|
|
|a 6611714790
|
| 024 |
8 |
|
|a (WaSeSS)ssj0000426253
|
| 035 |
|
|
|a (OCoLC)277056648
|z (OCoLC)646757215
|z (OCoLC)1162041732
|z (OCoLC)1340114254
|z (OCoLC)1397439945
|z (OCoLC)1515211568
|
| 050 |
|
4 |
|a QP620
|b .P76eb vol. 16
|
| 072 |
|
7 |
|a SCI
|x 049000
|2 bisacsh
|
| 082 |
0 |
4 |
|a 572.8
|2 22
|
| 049 |
|
|
|a TXAM
|
| 245 |
0 |
0 |
|a Progress in nucleic acid research and molecular biology.
|n Volume 16 /
|c edited by Waldo E. Cohn.
|
| 260 |
|
|
|a New York :
|b Academic Press,
|c 1976.
|
| 300 |
|
|
|a 1 online resource (xv, 274 pages) :
|b illustrations.
|
| 336 |
|
|
|a text
|b txt
|2 rdacontent
|
| 337 |
|
|
|a computer
|b c
|2 rdamedia
|
| 338 |
|
|
|a online resource
|b cr
|2 rdacarrier
|
| 347 |
|
|
|a text file
|2 rdaft
|0 http://rdaregistry.info/termList/fileType/1002.
|
| 490 |
1 |
|
|a Progress in nucleic acid research and molecular biology ;
|v v. 16
|
| 504 |
|
|
|a Includes bibliographical references and indexes.
|
| 588 |
0 |
|
|a Print version record.
|
| 505 |
0 |
|
|a Front Cover; Progress in Nucleic Acid Research and Molecular Biology, Volume 16; Copyright Page; Contents; List of Contributors; Preface; Abbreviations and Symbols; Some Articles Planned for Future Volumes; Chapter 1. Initiation of Enzymic Synthesis of Deoxyribonucleic Acid by Ribonucleic Acid Primers; I. Introduction; II. The Basic Events; III. Nucleic Acid Polymerases Used Experimentally; IV. Effectiveness of Different Templates; V. Evidence of Primer Function of RNA in Enzymic DNA Synthesis; VI. Mechanism of Primer Function
|
| 505 |
8 |
|
|a VII Significance of Relative Strand Lengths for Template and Primer FunctionsVIII. Concluding Remarks; References; Chapter 2. Transcription and Processing of Transfer RNA Precursors; I. Introduction; II . Arrangement of tRNA Genes; III. Isolation and Structure of tRNA Precursors; IV. Conversion of Precursors to Mature tRNA; V. Transcription of tRNA Genes; VI. Concluding Comments; References; Chapter 3. Bisulfite Modification of Nucleic Acids and Their Constituents; I. Introduction; II. History of the Reaction; III. Ionic Reactions
|
| 505 |
8 |
|
|a IV. Free-Radical Reactions Associated with Autoxidation of BisulfiteV. Applications; VI . On Toxicological Aspects; References; Chapter 4. The Mechanism of the Mutagenic Action of Hydroxylamines; I. Introduction; II. Mechanisms of Realization of Point Mutations; III. Mutagenic Action of Hydroxylamines on Extracellular Systems; IV. Mutagenic Action of Hydroxylamines on Cells and Intracellular Viruses; V. Conclusion; References; Chapter 5. Diethyl Pyrocarbonate in Nucleic Acid Research; I. Introduction; II. The Chemistry of Diethyl Pyrocarbonate
|
| 505 |
8 |
|
|a III. Practical Applications of Diethyl PyrocarbonateIV. Concluding Remarks; References; Subject Index; Contents of Previous Volumes
|
| 520 |
|
|
|a PROG NUCLEIC ACID RES&MOLECULAR BIO V16.
|
| 546 |
|
|
|a English.
|
| 650 |
|
0 |
|a Nucleic acids.
|
| 650 |
|
0 |
|a Molecular biology.
|
| 650 |
|
2 |
|a Nucleic Acids
|
| 650 |
|
2 |
|a Molecular Biology
|
| 650 |
|
6 |
|a Biologie moléculaire.
|
| 650 |
|
6 |
|a Acides nucléiques.
|
| 650 |
|
7 |
|a molecular biology.
|2 aat
|
| 650 |
|
7 |
|a SCIENCE
|x Life Sciences
|x Molecular Biology.
|2 bisacsh
|
| 650 |
|
7 |
|a Molecular biology
|2 fast
|
| 650 |
|
7 |
|a Nucleic acids
|2 fast
|
| 655 |
|
7 |
|a Electronic books.
|2 local
|
| 700 |
1 |
|
|a Cohn, Waldo E.
|
| 710 |
2 |
|
|a ScienceDirect (Online service)
|
| 758 |
|
|
|i has work:
|a Progress in nucleic acid research and molecular biology Volume 16 (Text)
|1 https://id.oclc.org/worldcat/entity/E39PCGwh9B4c8QBGK3WjT3GT73
|4 https://id.oclc.org/worldcat/ontology/hasWork
|
| 776 |
0 |
8 |
|i Print version:
|t Progress in nucleic acid research and molecular biology. Volume 16.
|d New York : Academic Press, 1976
|z 9780125400169
|w (OCoLC)39538159
|
| 776 |
1 |
|
|z 0125400160
|
| 830 |
|
0 |
|a Progress in nucleic acid research and molecular biology ;
|v v. 16.
|
| 856 |
4 |
0 |
|u http://proxy.library.tamu.edu/login?url=https://www.sciencedirect.com/science/bookseries/00796603/16
|z Connect to the full text of this electronic book
|t 0
|
| 955 |
|
|
|a Elsevier ScienceDirect 2026-2027
|
| 994 |
|
|
|a 92
|b TXA
|
| 999 |
f |
f |
|i c987d5cb-d658-454f-bfb9-6e82da77bc7b
|s a0a756b0-1799-4cfe-8336-6ac6ac19d90b
|t 0
|
| 952 |
f |
f |
|a Texas A&M University
|b College Station
|c Electronic Resources
|s www_evans
|d Available Online
|t 0
|e QP620 .P76eb vol. 16
|h Library of Congress classification
|
| 998 |
f |
f |
|a QP620 .P76eb vol. 16
|t 0
|l Available Online
|